|
|
|
|
| LEADER |
00000nas a2200000 i 4500 |
| 001 |
ssj0001073151 |
| 003 |
WaSeSS |
| 005 |
20200512172242.0 |
| 006 |
m d |
| 007 |
cr n |
| 008 |
131220c20uu9999nz f| p|s|||||| |0eng d |
| 022 |
|
|
|a 1176-8592
|l 1176-8592
|
| 035 |
|
|
|a (WaSeSS)ssj0001073151
|
| 040 |
|
|
|a WaSeSS
|b eng
|c WaSeSS
|d WaSeSS
|
| 043 |
|
|
|a a------
|a p------
|
| 050 |
1 |
4 |
|a HB615
|
| 210 |
1 |
|
|a J. Asia entrep. sustain.
|
| 222 |
|
0 |
|a Journal of Asia entrepreneurship and sustainability
|
| 245 |
0 |
0 |
|a Journal of Asia entrepreneurship and sustainability
|h [electronic resource].
|
| 260 |
|
|
|a Tauranga, New Zealand :
|b USA Info
|
| 310 |
|
|
|a Semiannual
|
| 506 |
|
|
|a License restrictions may limit access.
|
| 588 |
|
|
|a Description based on: Volume 2 (1) (July 2006); title from title screen (ProQuest, viewed Dec. 19, 2013).
|
| 588 |
|
|
|a Latest issue consulted: Volume 9 (1) (May 2013) (viewed Dec. 19, 2013).
|
| 650 |
|
0 |
|a Entrepreneurship
|z Asia
|v Periodicals.
|
| 650 |
|
0 |
|a Entrepreneurship
|z Pacific Area
|v Periodicals.
|
| 650 |
|
0 |
|a Sustainable development
|z Asia
|v Periodicals.
|
| 650 |
|
0 |
|a Sustainable development
|z Pacific Area
|v Periodicals.
|
| 655 |
|
0 |
|a Electronic journals.
|
| 856 |
4 |
0 |
|z Full text available from Research Library: 07/01/2006 to present
|u https://search.proquest.com/publication/38850
|